000 00351nam a22001337a 4500
003 OSt
008 250212b |||||||| |||| 00| 0 eng d
020 _a9789348140906
100 _aMISHRA, Akhilesh Kumar
245 _aCross Damian Management: Strategies That Work Everywhere
300 _a205p.
650 _aFaculty Publication
942 _2ddc
_cBK
999 _c13097
_d13097